Divorcio, discriminación y autopercepción en un grupo de mujeres en Guadalajara, Jalisco /

Uloženo v:
Podrobná bibliografie
Hlavní autor: Médor, Ducange
Médium: Text
Tagy: Přidat tag
Žádné tagy, Buďte první, kdo vytvoří štítek k tomuto záznamu!

MARC

LEADER 00000 a a2200000 04500
001 48027
003
040
090 |a REV1520 19(78) 2013  
100 |a Médor, Ducange  
245 |a Divorcio, discriminación y autopercepción en un grupo de mujeres en Guadalajara, Jalisco /  |c Ducange Médor  
773 |g volumen19, número78, (2013), páginas 41-64 : tablas  
999 |c 24672  |d 24672